000 00743nam a2200205 a 4500
003 0
005 20250303132649.0
008 120724s19uu xx 00 eng d
050 _aPGS PE 1128.A2.R43
_b.K49 2012
100 _aKim, Sabin.
245 _aReading proficiency and the use of context clues /
_cSabin Kim.
260 _aLas PiƱas City, Philippines :
_bSouthville International School and Colleges,
_c2012.
300 _a18 pages :
_billustrations ;
_c28 cm.
504 _aIncludes bibliographical references.
650 _aReading comprehension
_vEvaluation.
650 _aContext clues (Grammar).
650 _aReading proficiency
_vMeasurement.
650 _aSecond language acquisition
_vReading skills.
942 _2lcc
_cPASS
999 _c98818
_d98818